banner koha

Capacidade produtiva e qualidade nutricional de gramíneas perenes submetidas a sistema contínuo de cortes (Registro n. 329651)

MARC details
000 -LÍDER
fixed length control field 04011nab a2200325 i 4500
003 - CÓDIGO MARC DA AGÊNCIA CATALOGADORA
Campo de controle BR-BrBNA
005 - DATA E HORA DA ÚLTIMA ATUALIZAÇÃO
Campo de controle 20250123104553.0
008 - CAMPO DE TAMANHO FIXO
fixed length control field 250123b2016 bl.|r|pooa||| 00| 0 por |
040 ## - FONTE DA CATALOGAÇÃO
Agência catalogadora BR-BrBNA
Idioma da catalogação por
072 ## - CATEGORIA AGRIS
Código AGRIS L02
072 ## - CATEGORIA AGRIS
Código AGRIS F01
100 ## - ENTRADA PRINCIPAL - NOME PESSOAL
Nome pessoal Poczynek, M.
100 ## - ENTRADA PRINCIPAL - NOME PESSOAL
Nome pessoal Neumann, M.
100 ## - ENTRADA PRINCIPAL - NOME PESSOAL
Nome pessoal Horst, E.H.
100 ## - ENTRADA PRINCIPAL - NOME PESSOAL
Nome pessoal Leão, G.F.M.
100 ## - ENTRADA PRINCIPAL - NOME PESSOAL
Nome pessoal Poczynek, M.
100 ## - ENTRADA PRINCIPAL - NOME PESSOAL
Nome pessoal Ueno, K.
245 ## - TÍTULO PRINCIPAL
Título principal Capacidade produtiva e qualidade nutricional de gramíneas perenes submetidas a sistema contínuo de cortes
500 ## - NOTA GERAL
Nota geral <br/>Publicação online; 29 ref.; 7 tables; Summaries (En, Pt)
942 ## - ADDED ENTRY ELEMENTS (KOHA)
Koha item type Analítica
520 ## - NOTA DE RESUMO
Nota de conteúdo <br/><br/><br/>RESUMO - O objetivo do trabalho foi avaliar a produtividade e as características bromatológicas dos estratos superior e inferior de gramíneas perenes em sistema contínuo de cortes. As cultivares avaliadas foram: Cynodon nlemfuensis Vanderyst cv. Estrela-roxa; Cynodon dactilon (L.) Pears cv. Coast-cross 1; Cynodon nlemfuensis Vanderyst cv. Tifton 68; Cynodon ssp. cv. Tifton 85; Cynodon dactilon sp. cv. Jiggs; Hemárthria altissima cv. Roxinha e Penissetum clandestinum cv. Quicuio. Todos os cortes foram realizados no momento em que cada cultivar alcançava 95% de interceptação luminosa. As cutivares Jiggs e Tifton 68, com 21.348 e 21.016kg ha-1, respectivamente, tiveram as maiores produções (P<0,05) de fitomassa seca acumulada. Na média geral dos cortes, o quarto corte apresentou a menor relação estrato superior:inferior em relação aos demais (P<0,05). Em relação ao estrato superior, a Tifton 85 apresentou o maior teor de PB, sendo superior estatisticamente (P<0,05) no primeiro, segundo e quarto cortes, enquanto no terceiro corte a Coast-cross apresentou o maior teor proteico. No geral, as cv. Jiggs e Tifton 68 apresentaram a maior produção de fitomassa acumulada. Já a cv. Tifton 85 foi responsável pelos maiores níveis de PB, enquanto os teores de carboidratos estruturais mantiveram padrão constante, tanto no estrato superior quanto inferior, em sistema de quatro cortes sucessivos.<br/><br/><br/>Palavras-chave: bromatologia, Cynodon, forragem, pastagem
520 ## - NOTA DE RESUMO
Nota de conteúdo <br/><br/><br/>ABSTRACT - The aim of this study was to evaluate the productivity and the bromatologic characteristics of the upper and lower strata of perennial grasses in four cut systems. The cultivars evaluated were: Cynodon nlemfuensis Vanderyst cv. Estrela Roxa; Cynodon dactilon (L.) Pears cv. Coast-cross 1; Cynodon nlemfuensis Vanderyst cv. Tifton-68; Cynodon ssp. cv. Tifton-85; Cynodon dactilon sp. cv. Jiggs; Hemárthria altissima cv. Roxinha, and Penissetum clandestinum cv. Quicuio. All cuts were made when each cv. reached 95% light interception. The cv. Jiggs and Tifton 68, with 21348 and 21016kg ha-1, respectively, were responsible for the higher yields (P<0.05) of accumulated dry biomass. The overall average of the cuts, the fourth cut had the lowest ratio upper stratum: lower compared to the others (P<0.05). Regarding the upper stratum, the cv. Tifton 85 had the highest CP content, statistically higher (P<0.05) in the first, second and fourth cut, while in the third cut the cv. Coast-cross had the highest protein content. In general, cv. Jiggs and Tifton 68 had the highest number of accumulated biomass. The cv. Tifton 85 was responsible for the higher levels of CP, whereas the levels of structural carbohydrates maintained a constant pattern, in both the upper and lower strata in four cut systems.<br/><br/><br/>Keywords:bromatology, Cynodon, forage, grass
650 ## - ASSUNTO - THESAGRO
Cabeçalho tópico ou nome geográfico NUTRIÇÃO ANIMAL
650 ## - ASSUNTO - THESAGRO
Cabeçalho tópico ou nome geográfico PASTAGEM
650 ## - ASSUNTO - THESAGRO
Cabeçalho tópico ou nome geográfico FORRAGEM
650 ## - ASSUNTO - THESAGRO
Cabeçalho tópico ou nome geográfico BROMATOLOGIA
773 0# - ENTRADA ANALÍTICA
Host Biblionumber 1643
Registro do item 347391
Imprenta Belo Horizonte-MG Universidade Federal de Minas Gerais - Escola de Veterinaria 1983
Outro identificador 2024-8404
Título Arquivo Brasileiro de Medicina Veterinária e Zootecnia (Brazil)
ISSN 0102-0935
Colação v. 68(3) p. 785-794; (2016)
Número de controle de registro BR2024004507
856 ## - ACESSO E ENDEREÇO ELETRÔNICO
Identificador uniforme de recurso - URI https://www.scielo.br/j/abmvz/a/g6F8jPpJnmpy33CvZyFDwsj/?format=pdf&lang=pt

Nenhum exemplar disponível.

BINAGRI

Telefone: (61)3218-2567/2388/3357/2097 - binagri@agro.gov.br

Ministério da Agricultura e Pecuária , Esplanada dos Ministérios, Bloco D, Anexo B, Brasília/DF, CEP: 70.043-900